01366cam a22003254a 450000100090000000300050000900500170001400800410003101000170007202000280008904000180011704200080013508200170014310000300016024501350019026000360032530000350036144000510039650501130044765000230056065000340058365000300061770000320064770000350067985600750071485600910078994200120088099900190089295201290091112312144NUST20221212110811.0010216s2002 maua b 001 0 eng  a 2001025371 a081764136X (alk. paper) aDLCcDLCdDLC apcc00a621.3822,ABB1 aAbbate, Agostino.910462610aWavelets and subbands :bfundamentals and applications : with 234 figures /cAgostino Abbate, Casimer M. DeCusatis, Pankaj K. Das. aBoston :bBirkhaüser,cc2002. axvii, 551 p. :bill. ;c24 cm. 0aApplied and numerical harmonic analysis996042 aPart I. Fundamentals (Page-13), Part II. Wavelets and subbands (Pge-101), Part III. Applications (Page-385), 0aSignal processing. 0aWavelets (Mathematics)910608 0aFrequency spectra.9976511 aDeCusatis, Casimer.91046271 aDas, Pankaj K.,d1937-9104628413Table of contentsuhttp://www.loc.gov/catdir/toc/fy032/2001025371.html423Publisher descriptionuhttp://www.loc.gov/catdir/enhancements/fy0812/2001025371-d.html 2ddccBK c592649d592649 00102ddc4070aMCSbMCScGENd2022-12-12l0o621.3822,ABBpMCS33222r2022-12-12w2022-12-12yBKzAlmirah No.36, Shelf No.2